Najväčšia socha Štefánikova bude v Považskej Bystrici

Bibliographic Details
Format: Article
Language:Slovak
Subjects:

MARC

LEADER 00000nab a22000001a 4500
001 vtls010306871
003 SK-MaSNL
005 20260305021540.0
008 110828d19350620xo |r|p|||| |000 b|slo
015 |a SNBRRBVU1918-1938 
038 |a SNKBUCL 
038 |a SNKBUVU 
040 |a SNKBUVU  |b slo  |c SNKBUCL  |e AACR2 
041 0 |a slo 
044 |a xo  |c SK 
080 |a 730.071.1  |2 1997 
080 |a 725.94  |2 1997 
245 0 0 |a Najväčšia socha Štefánikova bude v Považskej Bystrici 
600 1 7 |a Ihriský, Vojtech,  |d 1899-1988  |2 MM  |9 146616 
600 1 7 |a Štefánik, Milan Rastislav,  |d 1880-1919  |2 snkbucl  |9 86219 
650 0 7 |a slovenské sochárstvo  |2 MM  |9 3052 
650 0 7 |a pomníky  |2 MM  |9 3013 
651 7 |a Považská Bystrica (Slovensko)  |2 MM  |9 28796 
773 0 |t Slovenský týždenník  |g Roč. 32, č. 25 (20.6.1935), s. 8 
852 |a SNK  |b KIS3GCP 
910 |a snkrbvumm 
958 |a VY 
999 |c 3286830  |d 3288760